MARC details
| 000 -CABECERA |
| campo de control de longitud fija |
02485nam a2200229 a 4500 |
| 001 - NÚMERO DE CONTROL |
| campo de control |
000000310 |
| 005 - FECHA Y HORA DE LA ÚLTIMA TRANSACCIÓN |
| campo de control |
20200929145324.0 |
| 008 - DATOS DE LONGITUD FIJA--INFORMACIÓN GENERAL |
| campo de control de longitud fija |
081127s2007 dr 000 0 spa d |
| 040 ## - FUENTE DE LA CATALOGACIÓN |
| Centro catalogador/agencia de origen |
DO-SdBNP |
| Lengua de catalogación |
spa |
| Centro/agencia transcriptor |
BNPHU |
| 082 ## - NÚMERO DE LA CLASIFICACIÓN DECIMAL DEWEY |
| Número de clasificación |
346 |
| Número de documento/Ítem |
C348i |
| 100 1# - ENTRADA PRINCIPAL--NOMBRE DE PERSONA |
| Nombre de persona |
Castellanos Pizano, Víctor Joaquín |
| 9 (RLIN) |
1057 |
| 245 10 - MENCIÓN DE TÍTULO |
| Título |
Instituciones de derecho civil / |
| Mención de responsabilidad, etc. |
Víctor Joaquín Castellanos Pizano. |
| 260 ## - PUBLICACIÓN, DISTRIBUCIÓN, ETC. |
| Lugar de publicación, distribución, etc. |
Santo Domingo : |
| Nombre del editor, distribuidor, etc. |
Trajano Potentini, |
| Fecha de publicación, distribución, etc. |
2007. |
| 300 ## - DESCRIPCIÓN FÍSICA |
| Extensión |
540 p. ; |
| Dimensiones |
24 cm. |
| 505 2# - NOTA DE CONTENIDO CON FORMATO |
| Título |
Presentación -- |
| -- |
La influencia del derecho francés sobre el derecho dominicano -- |
| -- |
El concubinato en la República Dominicana -- |
| -- |
La responsabilidad por productos defectuosos -- |
| -- |
La responsabilidad civil por el derecho ajeno -- |
| -- |
La nueva responsabilidad civil delictual de los padres por los hechos de sus hijos menores en la República Dominicana -- |
| -- |
El problema de la opción entre las responsabilidades contractual y delictual, en derecho francés y dominicano -- |
| -- |
Precedentes de la sentencia del 17 de octubre del 2001, sobre unión marital de hecho -- |
| -- |
Corrupción, justicia y seguridad ciudadanas -- |
| -- |
La responsabilidad civil contractual especial de ingenieros y arquitectos -- |
| -- |
Divorcios y plazo de apelación -- |
| -- |
El error in substantia en materia de vicios del consentimiento -- |
| -- |
La acción pauliana -- |
| -- |
El matrimonio putativo -- |
| -- |
cambio de sexo -- |
| -- |
Las nociones de caso fortuito y fuerza mayor -- |
| -- |
Los vicios redhibitorios -- |
| -- |
Incompatibilidad del caso fortuito y la falta -- |
| -- |
Donaciones entre convenientes -- |
| -- |
Daño moral por muerte de un animal doméstico -- |
| -- |
La noción de guardián según el art. 1384 S 1 del código civil -- |
| -- |
Cédula de identidad y transferencia de inmuebles -- |
| -- |
Los fallos jand'heur y manatico -- |
| -- |
La teoría de la imprevisión -- |
| -- |
Neocolonialismo jurídico -- |
| -- |
Res perit debitori -- |
| -- |
Fecha de evaluación de daño y consecuencias de su agravamiento -- |
| -- |
La ignorancia como factor suspensivo de la prescripción extintiva -- |
| -- |
El derecho de la retención -- |
| -- |
Perspectivas de la responsabilidad civil extracontractual -- |
| -- |
Las buenas costumbres -- |
| -- |
Precisiones sobre la resiliación -- |
| -- |
Contaminación sónica -- |
| -- |
Las áreas protegidas. |
| 500 ## - NOTA GENERAL |
| Nota general |
Incluye referencias bibliograficas y notas al pie de las paginas |
| 504 ## - NOTA DE BIBLIOGRAFÍA, ETC. |
| Nota de bibliografía, etc. |
Bibliografía: p. 497-540 |
| 590 ## - NOTA LOCAL (RLIN) |
| Nota local |
La biblioteca posee 2 ejemplares autografiados por el autor |
| 590 ## - NOTA LOCAL (RLIN) |
| Nota local |
Inventariado,2018/DG |
| 650 #4 - PUNTO DE ACCESO ADICIONAL DE MATERIA--TÉRMINO DE MATERIA |
| Término de materia o nombre geográfico como elemento de entrada |
Derecho civil |
| Subdivisión geográfica |
República Dominicana |
| 9 (RLIN) |
1058 |
| 910 ## - DATOS DE OPCIÓN DEL USUARIO (OCLC) |
| Datos de opción del usuario |
Validado. Control de calidad MFF |